Farm business review : Lincolnshire agriculture retrospect & prospect ... - No. 3 (December 1984) - No. 6 (December 1987) and No. 8 (February 1990) (Record no. 91500)

MARC details
000 -LEADER
fixed length control field 00677cam a2200217 4500
001 - CONTROL NUMBER
control field B1423
008 - FIXED-LENGTH DATA ELEMENTS--GENERAL INFORMATION
fixed length control field 090401t xxu||||| |||| 00| 0 eng d
035 ## - SYSTEM CONTROL NUMBER
System control number (Sirsi) u44353
041 ## - LANGUAGE CODE
Language code of text/sound track or separate title eng
050 ## - LIBRARY OF CONGRESS CALL NUMBER
Classification number 333.335094253
110 ## - MAIN ENTRY--CORPORATE NAME
Corporate name or jurisdiction name as entry element Stanbridge Mumby and Moore
9 (RLIN) 2253
245 ## - TITLE STATEMENT
Title Farm business review : Lincolnshire agriculture retrospect & prospect ... - No. 3 (December 1984) - No. 6 (December 1987) and No. 8 (February 1990)
260 ## - PUBLICATION, DISTRIBUTION, ETC.
Place of publication, distribution, etc. Lincoln
Name of publisher, distributor, etc. Stanbridge Mumby and Moore
Date of publication, distribution, etc. 1984 -
350 ## - PRICE (NR) (BK AM CF MU VM SE) [OBSOLETE]
Price 4.95
520 ## - SUMMARY, ETC.
Summary, etc. Published annually
650 ## - SUBJECT ADDED ENTRY--TOPICAL TERM
Topical term or geographic name entry element FARM LAND
650 ## - SUBJECT ADDED ENTRY--TOPICAL TERM
Topical term or geographic name entry element LAND PRICES
710 ## - ADDED ENTRY--CORPORATE NAME
Corporate name or jurisdiction name as entry element John H. Walter and Sons
9 (RLIN) 2262
942 ## - ADDED ENTRY ELEMENTS (KOHA)
Suppress in OPAC 0
948 ## - LOCAL PROCESSING INFORMATION (OCLC); SERIES PART DESIGNATOR (RLIN)
c (OCLC) 04/03/1997
Holdings
Withdrawn status Lost status Source of classification or shelving scheme Damaged status Not for loan Home library Current library Shelving location Date acquired Cost, normal purchase price Total Checkouts Full call number Barcode Date last seen Copy number Cost, replacement price Price effective from Koha item type
    Dewey Decimal Classification     London London Property market reports 14/09/1999 4.95   LIBRARY ANNEXE 30028132 06/08/2019 1 4.95 06/08/2019 Reference material
    Dewey Decimal Classification     London London Property market reports 14/09/1999 4.95   LIBRARY ANNEXE 30028136 06/08/2019 2 4.95 06/08/2019 Reference material
    Dewey Decimal Classification     London London Property market reports 14/09/1999 4.95   LIBRARY ANNEXE 30028140 06/08/2019 3 4.95 06/08/2019 Reference material
    Dewey Decimal Classification     London London Property market reports 14/09/1999 4.95   LIBRARY ANNEXE 30028144 06/08/2019 4 4.95 06/08/2019 Reference material